| 000 | 00617nam a2200181 a 4500 | ||
|---|---|---|---|
| 008 | 250421e1996 sp ||||f |||| 001 0 spa d | ||
| 020 | _a8449403685 | ||
| 041 | _aspa | ||
| 092 |
_c610.3 _l16 _sDIC |
||
| 245 |
_aDiccionario de Medicina Océano Mosby/ _bCarlos Gispert. |
||
| 250 |
_a4ta. ed. _bTraducción Lena Ferrús Estopá y Jorge Currel Guerra. |
||
| 260 |
_aBarcelona: _bÓceano; _c1996. |
||
| 300 | _a1504p. | ||
| 500 | _aGispert, C. (Dir.). (1996). Diccionario de Medicina Océano Mosby. (4ta ed.). Barcelona : Océano. | ||
| 653 | _aDiccionario. | ||
| 700 | 1 |
_aGispert, Carlos _eDir. _94111 |
|
| 942 |
_2ddc _cBK |
||
| 999 |
_c3243 _d3243 |
||